Faculty of Law Library — Cairo University

Official Online Catalog

The Legal Basis Of Corporate Governance In Publicly Held Corporations : (Record no. 59451)

MARC details
000 -LEADER
fixed length control field 01040nam a2200313 i 4500
003 - CONTROL NUMBER IDENTIFIER
control field EG-GICUC
005 - DATE AND TIME OF LATEST TRANSACTION
control field 20260126131113.0
008 - FIXED-LENGTH DATA ELEMENTS--GENERAL INFORMATION
fixed length control field 260126s1998 uk ||||fr ||| 00| 0 eng d
020 ## - INTERNATIONAL STANDARD BOOK NUMBER
International Standard Book Number 9041196633
040 ## - CATALOGING SOURCE
Original cataloging agency EG-GICUC
Transcribing agency EG-GICUC
Modifying agency EG-GICUC
Description conventions rda
Language of cataloging eng
041 0# - LANGUAGE CODE
Language code of text/sound track or separate title eng
082 04 - DEWEY DECIMAL CLASSIFICATION NUMBER
Edition number 21
Classification number 341.79
Item number PI . L
092 04 - LOCALLY ASSIGNED DEWEY CALL NUMBER (OCLC)
Edition number 21
099 ## - LOCAL FREE-TEXT CALL NUMBER (OCLC)
Classification number Law1 11 341.79 PI . L 1998
100 1# - MAIN ENTRY--PERSONAL NAME
Personal name R.Pinto,Arthur
Relator term Author.
245 12 - TITLE STATEMENT
Title The Legal Basis Of Corporate Governance In Publicly Held Corporations :
Remainder of title A Comparative Approach /
Medium Volume 1 .
Statement of responsibility, etc. Arthur R.Pinto .
264 #0 - PRODUCTION, PUBLICATION, DISTRIBUTION, MANUFACTURE, AND COPYRIGHT NOTICE
Place of production, publication, distribution, manufacture United Kingdom :
Name of producer, publisher, distributor, manufacturer Kluwer Law International ,
Date of production, publication, distribution, manufacture, or copyright notice 1998 .
300 ## - PHYSICAL DESCRIPTION
Extent 312 Pages;
Dimensions 30 cm.
336 ## - CONTENT TYPE
Content type term text
Source rda content
337 ## - MEDIA TYPE
Media type term Computer
Source rda media
338 ## - CARRIER TYPE
Carrier type term Online Resource
Source rda carrier
546 ## - LANGUAGE NOTE
Language note Text in English
650 04 - SUBJECT ADDED ENTRY--TOPICAL TERM
Topical term or geographic name entry element Public international law
650 04 - SUBJECT ADDED ENTRY--TOPICAL TERM
Topical term or geographic name entry element International commercial law
700 1# - ADDED ENTRY--PERSONAL NAME
Personal name Visentini,Gustavo
Relator term Author.
856 ## - ELECTRONIC LOCATION AND ACCESS
Uniform Resource Identifier <a href="https://fll.law.cu.edu.eg/fulltext/th/B11-06987.pdf">https://fll.law.cu.edu.eg/fulltext/th/B11-06987.pdf</a>
905 ## - Cataloger and Reviser Names
Cataloger Name: Logain Ashraf
942 ## - ADDED ENTRY ELEMENTS (KOHA)
Source of classification or shelving scheme Dewey Decimal Classification
Koha item type Books
Edition 21
Suppress in OPAC No
Holdings
Withdrawn status Lost status Source of classification or shelving scheme Materials specified (bound volume or other part) Damaged status Not for loan Collection Home library Current library Date acquired Total checkouts Full call number Barcode Date last seen Copy number Price effective from Koha item type
    Dewey Decimal Classification V1   Not for loan القانون الدولي العام جــــامعة القــاهرة مكتبة كلية الحقوق - المبنى الرئيسي 26.01.2026   Law1 11 341.79 PI . L 1998 1106978 C1 B11-06978 26.01.2026 1 26.01.2026 Books

© All rights reserved — Faculty of Law, Cairo University